Events of the Day - 3 June - Statistics

General Stats
  • This quiz has been taken 7 times
  • The average score is 13 of 20
Answer Stats
Year Hint Answer % Correct
1924 Death of writer best known for 'The Trial' and 'The Metamorphosis' Franz Kafka
100%
2016 Death of prominent black American boxer Muhammad Ali
100%
713 The emperor ruling this state is blinded and deposed Byzantine Empire
83%
350 Julius Nepotianus claims the title of Roman Emperor. Who was his longer-reigning uncle? Constantine I
83%
1808 Birth of American politician, president of the Confederate States Jefferson Davis
83%
2019 As part of the Sudanese revolution, massacre in this city Khartoum
83%
1839 At Humen, Lin Zexu begins to destroy seized quantities of this drug, smuggled into China Opium
83%
1899 Death of Austrian composer, known for 'Blue Danube' and 'Kaiser-Walzer' Johann Strauss (the son)
67%
2017 Terrorist attack in this city as a van drives into pedestrians London
67%
1940 Franz Rademacher recommends the forced resettlement of Jews to this island Madagascar
67%
2006 This country announces its independence, following a referendum in May Montenegro
67%
1989 Death of leader of 1979 Iranian revolution, afterwards Supreme Leader Ruhollah Khomeini
67%
1942 In bombing US airbases there, Japan begins an attack on these islands Aleutian Islands
50%
800 Death of Staurakios, Byzantine eunuch and associate of which empress? Irene Sarantapechaina
50%
1982 Attempted assassination in Britain of the ambassador from which country? Israel
50%
1946 Death of Soviet revolutionary, officially head of state. Two cities were named after him, one remains so Mikhail Kalinin
50%
1959 This state gains autonomy from Britain (later independence) Singapore
50%
1326 The treaty of Novgorod was an armistice between Novgorod and what country? Norway
33%
628 Death of Liang Shidu, who led a rebellion against which (short-lived) Chinese dynasty? Sui dynasty
33%
1657 Death of English physician who described the circulation of blood in 'De Motu Cordis' William Harvey
33%
No matching quizzes found
Score Distribution
Percent of People with Each Score
Percentile by Number Answered
Your Score History
You have not taken this quiz